000 00490nam a2200193Ia 4500
005 20240823014757.0
008 240823s9999||||xx |||||||||||||| ||und||
020 _a81-224-1507-5
041 _aENGLISH
082 _A363. 73 P4
100 _aKhopkar S M
245 0 _aEnvironmental pollution : Monitoring and Control
250 _a1st
260 _c2004
_bNew Age International (P
_aNew Delhi
500 _aTRANSFERED
650 _aPollution
_bCivil
942 _cBK
999 _c170879
_d170879